Cyclisme : Top 20 des Championnats d'Europe 2024 - Statistiques

Statistiques générales
  • Ce quiz a été pris 27 fois
  • Le résultat moyen est 8 sur 20
Statistiques - réponses
Position Pays Représenté Coureur % Correct
1er Belgique Tim Merlier
87%
9eme France Christophe Laporte
74%
4eme Belgique Jasper Philipsen
74%
2eme Pays-Bas Olav Kooij
74%
6eme Danemark Mads Pedersen
65%
11eme France Arnaud Démare
61%
5eme Norvège Alexander Kristoff
57%
3eme Estonie Madis Mihkels
52%
13eme Italie Jonathan Milan
48%
10eme Luxembourg Alex Kirsch
39%
7eme République Tchèque Pavel Bittner
39%
20eme Belgique Jordi Meeus
26%
16eme Norvège Soren Waerenskjold
22%
8eme Pologne Stanislaw Aniolkowski
22%
15eme Suisse Fabian Lienhard
13%
14eme Slovaquie Lukas Kubis
13%
12eme Allemagne Max Walscheid
13%
18eme Espagne Pau Miquel
13%
19eme Pays-Bas Mike Teunissen
4%
17eme Suisse Tom Bohli
0%
Aucun quiz correspondant
Distribution des résultats
% des personnes avec chaque résultat
Percentile par nombre de réponses
Votre historique - résultats
Vous n’avez pas pris ce quiz